000 00791nam a22002297a 4500
005 20251108173441.0
008 250721s2005 xx 000 0 ara d
082 1 4 _a232/ جبر
100 1 _aجبري، عبد المنعم
_eمؤلف
245 1 0 _aالمسيح عند اليهود و النصارى و المسلمين و حقيقة الثالوث /
264 1 _aدمشق :
_bالأوائل للنشر و التوزيع،
_c2005.
300 _a287ص.
500 _aيحتوي الكتاب على منشورات الأوائل
650 1 7 _aالمسيحية
650 1 7 _aالمسيح
650 1 7 _aاليهودية
650 1 7 _aالإسلام
650 1 7 _aالطوائف المسيحية
650 1 7 _aالعقيدة الدينية
942 _2ddc
_cBK
999 _c104164
_d104164